All Yuzusoft Original Titles - Statistics

General Stats
  • This quiz has been taken 4 times
  • The average score is 11 of 14
Answer Stats
Release Date Answer % Correct
2006-07-28 ぶらばん!/ Bra-Ban!
100%
2007-06-01 ExE
100%
2010-12-24 のーぶる☆わーくす / Noble ☆ Works
100%
2018-03-30 RIDDLE JOKER
100%
2015-02-27 サノバウィッチ / Sabbat of the Witch
100%
2016-07-29 千恋*万花 / Senren * Banka
100%
2019-12-20 喫茶ステラと死神の蝶 / Café Stella and the Reapers' Butterflies
67%
2012-03-30 DRACU-RIOT!
67%
2025-09-26 ライムライト・レモネードジャム / LimeLight Lemonade Jam
67%
2009-05-29 天神乱漫 LUCKY or UNLUCKY!? / Tenshin Ranman Lucky or Unlucky!?
67%
2021-07-31 (Sour) PARQUET
67%
2023-04-28 天使☆騒々 RE-BOOT! / Angelic☆Chaos RE-BOOT!
67%
2013-07-26 天色*アイルノーツ / Amairo * Islenauts
33%
2008-05-23 夏空カナタ / Natsuzora Kanata
33%
No matching quizzes found
Score Distribution
Percent of People with Each Score
Percentile by Number Answered
Your Score History
You have not taken this quiz